Statistics for Majority Portuguese Speaking Countries with Map

Click here to take the quiz!

General Stats

  • This quiz has been taken 98 times
  • The average score is 4 of 5

Answers on the Map

Answers color-coded by a green-red scale on the quiz's map according to % correct below.
 

Answer Stats

%Answer% Correct
99%Brazil
100%
96%Portugal
100%
71%Angola
84%
50%Mozambique
80%
98%Sao Tome and Principe
70%

Score Distribution

Percentile by Number Answered

Percent of People with Each Score

Your Score History

You have not taken this quiz